Bilecik Bilecik Bilecik Bilecik Bilecik

Devletler ve hanedanlar/ (Record no. 5083)

MARC details
000 -BAŞLIK
Sabit Uzunluktaki Kontrol Alanı 01593nam a22004217a 4500
001 - KONTROL NUMARASI
Control Dosyası 0005101
003 - KONTROL NUMARASI KİMLİĞİ
Kontrol Alanı KOHA_MİRAKIL
005 - EN SON İŞLEM TARİHİ ve ZAMANI
Kontrol Alanı 20260207001433.0
007 - FİZİKSEL TANIM SABİT ALAN - GENEL BİLGİ
Sabit uzunluklu kontrol alanı ta
008 - SABİT UZUNLUKTAKİ VERİ ÖGELERİ - GENEL BİLGİ
Sabit Alan 090814b2005 tu |||gr||||#||||0|tur |
020 ## - ISBN - ULUSLARARASI STANDART KİTAP NUMARASI
Isbn 9751704693
Nitelik bilgileri (tk)
Kullanılabilirlik koşulları 0,01
040 ## - KATALOGLAMA KAYNAĞI
Özgün Kataloglama Kurumu TR-BiSEU
Kataloglama Dili tur
Çeviri Kurumu TR-BiSEU
Açıklama Kuralları rda
041 0# - DİL KODU
Metin ya da ses kaydının dil kodu tur
044 ## - YAYINLAYAN/ÜRETEN KURULUŞUN ÜLKE KODU
ISO country code tu
050 ## - SINIFLAMA ve YER NUMARASI
Sınıflama Numarası CS27
Yer Numarası .O98 2005
100 1# - KİŞİ ADI
Yazar Adı (Kişi adı) Öztuna, Yılmaz.
245 1# - ESER ADI BİLDİRİMİ
Başlık Devletler ve hanedanlar/
Sorumluluk Bildirimi Yılmaz Öztuna ; Yılmaz Öztuna.
250 ## - BASIM BİLDİRİMİ
Basım Bildirimi 3. bs.
264 #1 - ÜRERİM, YAYIN, DAĞITIM ve TELİF BİLDİRİMİ
Yayın yeri Ankara :
Yayınlayan Kültür ve Turizm Bakanlığı yayınları
Yayın tarihi 2005
300 ## - FİZİKSEL TANIMLAMA
Sayfa, Cilt vb. 5 c.
336 ## - İÇERİK TÜRÜ
Content type term metin
Content type code txt
Source rdacontent
337 ## - MEDYA TÜRÜ
Media type term aracısız
Media type code n
Source rdamedia
338 ## - TAŞIYICI TÜRÜ
Carrier type term cilt
Carrier type code nc
Source rdacarrier
490 1# - DİZİ BİLDİRİMİ
Dizi Bildirimi Kültür ve Turizm Bakanlığı Kütüphaneler ve Yayımlar Genel Müdürlüğü ;
Cilt Numarası 1097,1101,1225,1345,1831.
490 1# - DİZİ BİLDİRİMİ
Dizi Bildirimi Kültür eserleri dizisi ;
Cilt Numarası 397
505 ## - İÇİNDEKİLER NOTU
İçindekiler Notu İçindekiler: 1.c.: İslam Devletleri--2.c.: Türkiye (1074-1990)--3.c.: İlk çağ ve Asya-Afrika--4.c.: Avrupa Devletleri--5.c.: Latin Avrupa-Amerika.
650 #0 - KONU BAŞLIĞI EK GİRİŞ - KONU TERİMİ
Konusal terim veya coğrafi ad Kings and rulers.
9 (RLIN) 12253
650 #0 - KONU BAŞLIĞI EK GİRİŞ - KONU TERİMİ
Konusal terim veya coğrafi ad Royal houses.
9 (RLIN) 12254
650 #0 - KONU BAŞLIĞI EK GİRİŞ - KONU TERİMİ
Konusal terim veya coğrafi ad Turkey--History.
9 (RLIN) 5455
650 #0 - KONU BAŞLIĞI EK GİRİŞ - KONU TERİMİ
Konusal terim veya coğrafi ad Middle East--History.
9 (RLIN) 12255
650 #0 - KONU BAŞLIĞI EK GİRİŞ - KONU TERİMİ
Konusal terim veya coğrafi ad Krallar ve hükümdarlar.
9 (RLIN) 12256
650 #0 - KONU BAŞLIĞI EK GİRİŞ - KONU TERİMİ
Konusal terim veya coğrafi ad Türkiye--Tarih.
9 (RLIN) 4893
650 #0 - KONU BAŞLIĞI EK GİRİŞ - KONU TERİMİ
Konusal terim veya coğrafi ad Orta Doğu--Tarih.
9 (RLIN) 12257
650 #0 - KONU BAŞLIĞI EK GİRİŞ - KONU TERİMİ
Konusal terim veya coğrafi ad Kraliyet evleri.
9 (RLIN) 12258
830 1# - SERİ EK GİRİŞİ - TEKBİÇİM ESER ADI
Tekbiçim Başlık Kültür ve Turizm Bakanlığı Kütüphaneler ve Yayımlar Genel Müdürlüğü ;
Volume number/sequential designation 1097,1101,1225,1345,1831.
9 (RLIN) 12259
830 1# - SERİ EK GİRİŞİ - TEKBİÇİM ESER ADI
Tekbiçim Başlık Kültür eserleri dizisi ;
Volume number/sequential designation 397
9 (RLIN) 7174
942 ## - EK GİRİŞ ÖGELERİ (KOHA)
Source of classification or shelving scheme Library of Congress Classification
Koha item type Book
Holdings
Materyal Türü Kalıcı Konum Mevcut Konum Raf Yeri Koleksiyon Kodu Sınıflandırma Kaynağı Edinim Bilgisi Ana Konular Alt Konular Yer Numarası Cilt Bilgisi Demirbaş Numarası Fatura Tarihi Geri Çekilme Durumu Kayıp Durumu Hasarlı Durumu Kredi için değil Kayıt Tarih Toplam Ödünçverme Son Görülme Tarihi Son Kontrol Tarihi Genel / Bağış Notu
Danışma Kaynakları Prof. Dr. Azmi Özcan Kütüphanesi Prof. Dr. Azmi Özcan Kütüphanesi Uluğbey Salonu Referans Library of Congress Classification Bağış TARİHE YARDIMCI BİLİMLER Şecere (Soyağacı) CS27 .O98 2005 c.1 0005101 13/08/2010       Ödünç verilmez 01/06/2009   05/12/2024 05/12/2024 Genel Bağış
Danışma Kaynakları Prof. Dr. Azmi Özcan Kütüphanesi Prof. Dr. Azmi Özcan Kütüphanesi Uluğbey Salonu Referans Library of Congress Classification Bağış TARİHE YARDIMCI BİLİMLER Şecere (Soyağacı) CS27 .O98 2005 c.2 0005102 13/08/2010       Ödünç verilmez 01/06/2009   05/12/2024 05/12/2024 Genel Bağış
Danışma Kaynakları Prof. Dr. Azmi Özcan Kütüphanesi Prof. Dr. Azmi Özcan Kütüphanesi Uluğbey Salonu Referans Library of Congress Classification Bağış TARİHE YARDIMCI BİLİMLER Şecere (Soyağacı) CS27 .O98 2005 c.3 0005103 13/08/2010       Ödünç verilmez 01/06/2009   05/12/2024 05/12/2024 Genel Bağış
Danışma Kaynakları Prof. Dr. Azmi Özcan Kütüphanesi Prof. Dr. Azmi Özcan Kütüphanesi Uluğbey Salonu Referans Library of Congress Classification Bağış TARİHE YARDIMCI BİLİMLER Şecere (Soyağacı) CS27 .O98 2005 c.5 0005104 13/08/2010       Ödünç verilmez 01/06/2009   05/12/2024 05/12/2024 Genel Bağış
Danışma Kaynakları Prof. Dr. Azmi Özcan Kütüphanesi Prof. Dr. Azmi Özcan Kütüphanesi Uluğbey Salonu Referans Library of Congress Classification Bağış TARİHE YARDIMCI BİLİMLER Şecere (Soyağacı) CS27 .O98 2005 c.4 0006691 13/08/2010       Ödünç verilmez 14/08/2009   05/12/2024 05/12/2024 Genel Bağış